| 000 | 01072cam a22003137a 4500 | ||
|---|---|---|---|
| 001 | 14916290 | ||
| 003 | OSt | ||
| 005 | 20140310182517.0 | ||
| 008 | 070705s2008 mou bf 001 0 eng d | ||
| 010 | _a 2007932284 | ||
| 020 | _a9780323040181 | ||
| 020 | _a0323040187 | ||
| 035 | _a(OCoLC)ocn154760634 | ||
| 040 |
_aBTCTA _cBTCTA _dBAKER _dYDXCP _dOSU _dDLC |
||
| 042 | _alccopycat | ||
| 050 | 0 | 0 |
_aRC 78.7 _b.Sw974 2008 |
| 100 | 1 |
_aSwearengin, Regina _99211 |
|
| 245 | 1 | 0 |
_aPocket guide to sonography / _cRegina Swearengin. |
| 260 |
_aSt. Louis, Mo. ; _bMosby Elsevier _cc2008. |
||
| 300 |
_a291 p. ; _c19 cm. |
||
| 500 | _aSpiral bound. | ||
| 504 | _aIncludes bibliographical references (p. [272]-273) and index. | ||
| 650 | 0 |
_aDiagnostic ultrasonic imaging _vHandbooks, manuals, etc. _99212 |
|
| 650 | 0 |
_aUltrasonic imaging _vHandbooks, manuals, etc. _99213 |
|
| 906 |
_a7 _bcbc _ccopycat _d2 _encip _f20 _gy-gencatlg |
||
| 942 |
_2lcc _cSSLC |
||
| 999 |
_c13973 _d13973 |
||